|
|
|
|
| LEADER |
00000nam0a2200000 4500 |
| 001 |
358089 |
| 005 |
20231102011046.0 |
| 035 |
|
|
|a (RuTPU)RU\TPU\retro\15357
|
| 090 |
|
|
|a 358089
|
| 100 |
|
|
|a 20200812d1977 k y0rusy50 ca
|
| 101 |
0 |
|
|a rus
|
| 102 |
|
|
|a RU
|
| 105 |
|
|
|a a z 001zy
|
| 200 |
1 |
|
|a Облицовочный камень и его оценка
|e [монография]
|f Б. П. Беликов, В. П. Петров
|g Академия наук СССР, Институт геологии рудных месторождений, петрографии, минералогии и геохимии
|
| 210 |
|
|
|a Москва
|c Наука
|d 1977
|
| 215 |
|
|
|a 139 с.
|c ил.
|
| 320 |
|
|
|a Библиогр.: с. 132-137
|
| 606 |
1 |
|
|a Камень
|x Месторождения
|2 stltpush
|3 (RuTPU)RU\TPU\subj\13603
|9 40186
|
| 610 |
1 |
|
|a облицовочные камни
|
| 610 |
1 |
|
|a оценка
|
| 610 |
1 |
|
|a промышленное использование
|
| 610 |
1 |
|
|a разведка
|
| 610 |
1 |
|
|a добыча
|
| 610 |
1 |
|
|a обработка
|
| 610 |
1 |
|
|a физические свойства
|
| 610 |
1 |
|
|a механические свойства
|
| 610 |
1 |
|
|a минеральный состав
|
| 610 |
1 |
|
|a трещиноватость
|
| 610 |
1 |
|
|a блочность
|
| 610 |
1 |
|
|a месторождения
|
| 675 |
|
|
|a 553.5
|v 4
|
| 700 |
|
1 |
|a Беликов
|b Б. П.
|g Борис Павлович
|
| 701 |
|
1 |
|a Петров
|b В. П.
|g Валерий Петрович
|
| 712 |
0 |
2 |
|a Академия наук СССР
|b Институт геологии рудных месторождений, петрографии, минералогии и геохимии
|c (Москва)
|2 stltpush
|3 (RuTPU)RU\TPU\col\11398
|9 25090
|
| 801 |
|
1 |
|a RU
|b 63413507
|c 20200812
|
| 801 |
|
2 |
|a RU
|b 63413507
|c 20230623
|g RCR
|
| 942 |
|
|
|c BK
|